LDR 00754naa#a2200169#i#450# 001 EN\\bibl\120423 005 20260501080410.5 011 ## _a2218-130X 100 ## _a20260410b2026####ek#y0engy0150####ca 102 ## _aRU 200 1# _aFORMAL MODEL OF COMPUTER ATTACKS, BASED ON SYSTEM EVENT RECORDS OF THE OPERATING SYSTEM _eJournal article 210 1# _aSaint-Petersburg _cSaint-Petersburg University of State Fire Service of Emercom of Russia _d2026 215 ## _a10 с. 608 ## _aJournal article _2local 675 ## _aПрикладные системы искусственного интеллекта. Интеллектуальные системы, обладающие знаниями. 004.89 _z 700 #1 _aPavlychev _gAleksey Viktorovich 856 4# _ajournals.igps.ru _u